[Event "Tournoi francophone 002 Groupe A"]
[Site "Skype"]
[Date "????.??.??"]
[Round "6.4"]
[White "Janssen, Gerard"]
[Black "Plourde, Alain"]
[Result "0-1"]
[WhiteElo "1721"]
[BlackElo "1862"]
[PlyCount "106"]

1. d4 Nf6 2. c4 e6 3. Nc3 b6 4. e4 d6 5. Bd3 Be7 6. Nge2 e5 7. d5 O-O 8. O-O
Nbd7 9. f4 exf4 10. Nxf4 Ne5 11. Be2 Ba6 12. b3 Qd7 13. a4 Bb7 14. Nh3 a6 15.
Nf2 Rac8 16. Bb2 Rfd8 17. h3 Bf8 18. Kh2 g6 19. Qd2 Bg7 20. Nd3 Nxd3 21. Bxd3
Qe7 22. Rae1 Nd7 23. Ne2 Be5+ 24. Bxe5 Qxe5+ 25. Qf4 Qxf4+ 26. Nxf4 Ne5 27. Be2
Re8 28. g4 Re7 29. Kg3 Rce8 30. g5 Bc8 31. h4 Nd7 32. Bd3 Nc5 33. Bc2 Nxe4+ 34.
Bxe4 Rxe4 35. Rxe4 Rxe4 36. Kf3 Bf5 37. h5 Re7 38. Rf2 Re1 39. h6 Rb1 40. Re2
Kf8 41. Re3 Bc2 42. a5 Rxb3 43. axb6 Rxe3+ 44. Kxe3 cxb6 45. Kd2 Bf5 46. Ne2
Ke7 47. Nd4 Kd7 48. Kc3 Kc7 49. Kb4 Bd7 50. Kb3 b5 51. Kb4 Kb6 52. cxb5 Bxb5
53. Nxb5 axb5 0-1

[Event "Tournoi francophone 002 Groupe A"]
[Site "Skype"]
[Date "????.??.??"]
[Round "6.5"]
[White "Brun, Jacques"]
[Black "Bourdeau, Yvan"]
[Result "1-0"]
[WhiteElo "1803"]
[BlackElo "1702"]
[PlyCount "139"]

1. e4 c5 2. Nf3 Nc6 3. Be2 d6 4. c3 Nf6 5. d4 cxd4 6. cxd4 Nxe4 7. d5 Qa5+ 8.
Nc3 Nxc3 9. bxc3 Ne5 10. Qb3 g6 11. Bd2 Nxf3+ 12. Bxf3 b5 13. c4 bxc4 14. Qxc4
Qc5 15. Qxc5 dxc5 16. Bc3 Rg8 17. d6 Rb8 18. dxe7 Bxe7 19. O-O Rb6 20. Rfe1 Kd7
21. Rad1+ Rd6 22. Bd5 Rxd5 23. Rxd5+ Kc6 24. Rdd1 Rd8 25. Rxd8 Bxd8 26. Re8 Kd7
27. Re5 Kd6 28. Re1 Be6 29. a3 Bb6 30. Rd1+ Kc6 31. Kf1 c4 32. Ke2 h5 33. f3
Bc5 34. Bd4 Bxa3 35. Bxa7 Be7 36. Bd4 Bf5 37. Kd2 Be6 38. Kc3 Bc5 39. Rb1 Bxd4+
40. Kxd4 Kc7 41. g3 Kc6 42. Rb8 Kc7 43. Rb5 Kc6 44. Ra5 Kb6 45. Rc5 Kb7 46. f4
Kb6 47. Re5 Kc6 48. Ra5 Kb6 49. Ra8 Kc6 50. Ra7 Kb6 51. Re7 Kc6 52. h3 Kd6 53.
Ra7 c3 54. Kxc3 Bxh3 55. Rxf7 Ke6 56. Rf8 Kd5 57. Kd3 Bf5+ 58. Ke3 Bb1 59. Rd8+
Ke6 60. Rf8 Ke7 61. Ra8 Ke6 62. Ra5 Bf5 63. Kd4 Bc2 64. Ra6+ Kf5 65. Ra5+ Kg4
66. Rg5+ Kf3 67. Ke5 Bf5 68. Kf6 h4 69. gxh4 Kxf4 70. h5 1-0

[Event "Tournoi francophone 002 Groupe A"]
[Site "Skype"]
[Date "????.??.??"]
[Round "7.1"]
[White "Bourdeau, Yvan"]
[Black "Lambert, Pierre"]
[Result "0-1"]
[WhiteElo "1702"]
[BlackElo "1857"]
[PlyCount "100"]

1. e4 c5 2. Nf3 Nc6 3. d4 cxd4 4. Nxd4 d6 5. Bc4 e6 6. O-O Nf6 7. Nc3 Be7 8.
Re1 O-O 9. f3 a6 10. a4 Bd7 11. Be3 Rc8 12. Nxc6 Bxc6 13. Qe2 Qc7 14. Bb3 Rfe8
15. a5 d5 16. Bb6 Qb8 17. e5 Nd7 18. Bd4 Bc5 19. Bxc5 Nxc5 20. Ba4 Nxa4 21.
Nxa4 Bb5 22. Qf2 Bxa4 23. Rxa4 Qc7 24. c3 Qc5 25. Qxc5 Rxc5 26. Rb4 Re7 27. Ra4
Rec7 28. Rd1 Kf8 29. f4 Rc4 30. Rd4 Rxa4 31. Rxa4 Ke8 32. Kf2 Kd7 33. Ke3 Kc6
34. Rb4 Kd7 35. Kd4 f6 36. c4 Rxc4+ 37. Rxc4 dxc4 38. Kxc4 fxe5 39. fxe5 Kc6
40. b3 b6 41. axb6 Kxb6 42. g3 a5 43. h3 g6 44. g4 g5 45. Kd3 Kb5 46. Kc3 Kc5
47. Kd3 Kb4 48. Kc2 Kc5 49. Kc3 h6 50. Kd3 Kd5 0-1

[Event "Tournoi francophone 002 Groupe A"]
[Site "Skype"]
[Date "????.??.??"]
[Round "7.2"]
[White "Plourde, Alain"]
[Black "Brun, Jacques"]
[Result "1/2-1/2"]
[WhiteElo "1862"]
[BlackElo "1803"]
[PlyCount "140"]

1. d4 g6 2. c4 Bg7 3. Nf3 c5 4. e4 cxd4 5. Nxd4 Nc6 6. Be3 Nf6 7. Nc3 O-O 8.
Be2 d6 9. O-O Bd7 10. Rc1 Rc8 11. f4 Nxd4 12. Bxd4 b6 13. e5 dxe5 14. fxe5 Ne8
15. Nd5 Nc7 16. Bf3 Ne6 17. b3 Nxd4 18. Qxd4 f5 19. exf6 exf6 20. Rce1 f5 21.
Qe3 Re8 22. Qd2 Kh8 23. Rxe8+ Qxe8 24. Re1 Qd8 25. Qe3 Bc6 26. Qe7 Bf8 27. Qe5+
Bg7 28. Qe7 Bd4+ 29. Kf1 Bc5 30. Qe5+ Kg8 31. Nf6+ Kf7 32. Qe6+ Kg7 33. Bxc6
Rxc6 34. Qd7+ Qxd7 35. Nxd7 Bf8 36. Ne5 Rd6 37. Re2 Kf6 38. Nf3 Rd1+ 39. Kf2
Bc5+ 40. Kg3 g5 41. h3 Bd6+ 42. Kf2 h5 43. g3 g4 44. hxg4 hxg4 45. Ne1 Bc5+ 46.
Kg2 Bb4 47. Nc2 Rd2 48. Rxd2 Bxd2 49. Nd4 Be3 50. Nc6 a6 51. Nb4 Ke5 52. Nxa6
Bd2 53. Nc7 Ke4 54. Nd5 b5 55. Nf6+ Ke5 56. cxb5 Kxf6 57. b6 Be3 58. b7 Ba7 59.
a4 Ke5 60. b4 f4 61. gxf4+ Kxf4 62. b5 Ke5 63. Kg3 Kd5 64. Kxg4 Kc5 65. Kf5 Kb6
66. Ke6 Kxb7 67. Kd6 Bb6 68. Kd7 Ba5 69. Kd6 Kb6 70. Kd5 Be1 1/2-1/2

[Event "Tournoi francophone 002 Groupe A"]
[Site "Skype"]
[Date "????.??.??"]
[Round "7.3"]
[White "Ayotte, Jocelyn"]
[Black "Janssen, Gerard"]
[Result "1-0"]
[WhiteElo "2117"]
[BlackElo "1721"]
[PlyCount "44"]

1. d4 d5 2. Nf3 e6 3. c4 Nf6 4. Nc3 c5 5. cxd5 Nxd5 6. e4 Nxc3 7. bxc3 cxd4 8.
cxd4 Bb4+ 9. Bd2 Bxd2+ 10. Qxd2 O-O 11. Be2 Nc6 12. O-O Ne7 13. Rac1 Bd7 14.
Ne5 Be8 15. f4 f6 16. Nf3 Bc6 17. Qe3 Kh8 18. Rfd1 Qb6 19. Bc4 Ba4 20. Rd2 Rac8
21. Qa3 Rxc4 22. Rxc4 Bb5 1-0

[Event "Tournoi francophone 002 Groupe A"]
[Site "Skype"]
[Date "????.??.??"]
[Round "7.4"]
[White "Deville, Olivier"]
[Black "Gharbi, Said"]
[Result "1-0"]
[WhiteElo "1890"]
[BlackElo "1660"]
[PlyCount "39"]

1. c4 b6 2. d4 Bb7 3. Nf3 e6 4. a3 c5 5. d5 Qf6 6. Nc3 h6 7. g3 Ne7 8. Bg2 Ng6
9. O-O Bd6 10. dxe6 Qxe6 11. Nb5 Be5 12. Nxe5 O-O 13. Bxb7 Nxe5 14. Bxa8 Nbc6
15. Bxc6 dxc6 16. Nc3 Ng4 17. e4 Ne5 18. b3 Qh3 19. f3 g5 20. Ra2 1-0

[Event "Tournoi francophone 002 Groupe A"]
[Site "Skype"]
[Date "????.??.??"]
[Round "7.5"]
[White "Hervais, Adrien"]
[Black "Hilton, Stephen"]
[Result "1-0"]
[WhiteElo "1995"]
[BlackElo "1909"]
[PlyCount "85"]

1. f4 c5 2. Nf3 Nc6 3. e4 g6 4. Bc4 Bg7 5. c3 e6 6. e5 Nge7 7. O-O O-O 8. Qe1
d5 9. Bd3 c4 10. Be2 b5 11. d3 a5 12. Be3 Bb7 13. a4 cxd3 14. Bxd3 bxa4 15. Qe2
Qc8 16. Rxa4 Re8 17. Na3 Nf5 18. Bb6 Ba6 19. Bf2 Bxd3 20. Qxd3 Qb7 21. Qb5 Rab8
22. Qxb7 Rxb7 23. b4 Bf8 24. Ra1 d4 25. b5 Nce7 26. Nxd4 Nxd4 27. Bxd4 Nd5 28.
g3 Nb6 29. Bxb6 Rxb6 30. c4 Rbb8 31. Kf2 Red8 32. Ke2 Bb4 33. Rd1 Rxd1 34. Kxd1
Rd8+ 35. Kc2 Rd2+ 36. Kb3 Rd3+ 37. Kb2 Rd2+ 38. Kc1 Rxh2 39. b6 Bc5 40. b7 Be3+
41. Kb1 Rh1+ 42. Kc2 Rc1+ 43. Kb2 1-0

[Event "Tournoi francophone 002 Groupe A"]
[Site "Skype"]
[Date "????.??.??"]
[Round "8.1"]
[White "Lambert, Pierre"]
[Black "Hilton, Stephen"]
[Result "0-1"]
[WhiteElo "1857"]
[BlackElo "1909"]
[PlyCount "68"]

1. e4 e6 2. d4 d5 3. e5 Qd7 4. Nf3 b6 5. Bd3 Ba6 6. O-O Bxd3 7. Qxd3 c5 8. c3
Nc6 9. Be3 Rc8 10. Re1 cxd4 11. Bxd4 Nxd4 12. cxd4 Ne7 13. Nc3 Nc6 14. a3 Be7
15. Rac1 O-O 16. Ne2 Na5 17. Nd2 b5 18. b4 Nc4 19. f4 Rfd8 20. Rf1 a5 21. Nxc4
dxc4 22. Qc3 axb4 23. axb4 Qd5 24. f5 exf5 25. Rxf5 Qe4 26. Qf3 Qxf3 27. Rxf3
Ra8 28. Rcf1 f6 29. Rf5 g6 30. exf6 gxf5 31. fxe7 Re8 32. Rxf5 Rxe7 33. Nc3 Rf7
34. Rxb5 Ra1+ 0-1

[Event "Tournoi francophone 002 Groupe A"]
[Site "Skype"]
[Date "????.??.??"]
[Round "8.2"]
[White "Gharbi, Said"]
[Black "Hervais, Adrien"]
[Result "0-1"]
[WhiteElo "1660"]
[BlackElo "1995"]
[PlyCount "38"]

1. e4 e5 2. Bc4 Nf6 3. Nf3 Nxe4 4. Nxe5 d5 5. Nxf7 Qe7 6. Qf3 Ng5+ 7. Qe2 Nxf7
8. Qxe7+ Bxe7 9. Bxd5 c6 10. Bb3 Bf5 11. O-O O-O 12. d3 Nd7 13. Nd2 Kh8 14. Re1
Bf6 15. Nc4 Nc5 16. Na5 Nd6 17. d4 Bxd4 18. Bf4 Nde4 19. c3 Bxf2+ 0-1

[Event "Tournoi francophone 002 Groupe A"]
[Site "Skype"]
[Date "????.??.??"]
[Round "8.3"]
[White "Janssen, Gerard"]
[Black "Deville, Olivier"]
[Result "0-1"]
[WhiteElo "1721"]
[BlackElo "1890"]
[PlyCount "84"]

1. d4 Nf6 2. c4 e6 3. Nc3 Bb4 4. Nf3 b6 5. e3 Bb7 6. Be2 O-O 7. O-O Re8 8. Qc2
Bxc3 9. bxc3 d6 10. a4 Nbd7 11. a5 e5 12. a6 Be4 13. Qd2 Bg6 14. h3 Ne4 15. Qb2
Ng5 16. Nxg5 Qxg5 17. f4 exf4 18. exf4 Qh4 19. Bf3 Be4 20. Kh2 Bxf3 21. Rxf3
Nf6 22. g3 Qh5 23. Kg2 Qf5 24. Be3 Qd3 25. Bf2 Qxc4 26. g4 Re2 27. Qb4 Qxb4 28.
cxb4 Rae8 29. Rb1 Ra2 30. b5 Ree2 31. Kf1 Ne4 32. Be1 Kf8 33. h4 Rh2 34. Kg1
Rag2+ 35. Kf1 Rxg4 36. f5 Nd2+ 37. Bxd2 Rxd2 38. h5 Rdxd4 39. f6 gxf6 40. Rxf6
Rh4 41. Kg2 Kg7 42. Rbf1 Rdg4+ 0-1

[Event "Tournoi francophone 002 Groupe A"]
[Site "Skype"]
[Date "????.??.??"]
[Round "8.4"]
[White "Brun, Jacques"]
[Black "Ayotte, Jocelyn"]
[Result "0-1"]
[WhiteElo "1803"]
[BlackElo "2117"]
[PlyCount "112"]

1. e4 c5 2. Nf3 a6 3. c3 d5 4. exd5 Qxd5 5. d4 Bg4 6. Be2 cxd4 7. Qxd4 Qxd4 8.
Nxd4 Bxe2 9. Nxe2 Nc6 10. O-O e5 11. Re1 Nf6 12. Nd4 Nxd4 13. cxd4 e4 14. f3
O-O-O 15. fxe4 Rxd4 16. e5 Nd5 17. b3 Bc5 18. Kh1 Re8 19. Bb2 Rd3 20. Na3 Kb8
21. Nc4 Rd8 22. Rad1 Nb4 23. Rb1 b5 24. Nd6 Bxd6 25. exd6 f6 26. Ba3 Nc2 27.
Re7 Nxa3 28. Rf1 R3xd6 29. Rxg7 R8d7 30. Rg8+ Kb7 31. Rf8 b4 32. h3 Nb5 33. Rf4
Nd4 34. Kh2 f5 35. Rg8 Rg6 36. Re8 a5 37. Re5 Kb6 38. Re3 Kc5 39. Re5+ Rd5 40.
Re7 h6 41. Re1 Re6 42. Rc1+ Kd6 43. Rc4 Re4 44. Rf2 Nc6 45. Rc1 f4 46. g4 Ne5
47. Rc8 Nd3 48. Rd2 Ke5 49. Rc6 Kd4 50. Rxh6 Ke3 51. Rc2 Ne1 52. Rb2 Nf3+ 53.
Kg2 Rd1 54. h4 Rg1+ 55. Kh3 Rh1+ 56. Kg2 Rh2+ 0-1

[Event "Tournoi francophone 002 Groupe A"]
[Site "Skype"]
[Date "????.??.??"]
[Round "8.5"]
[White "Bourdeau, Yvan"]
[Black "Plourde, Alain"]
[Result "0-1"]
[WhiteElo "1702"]
[BlackElo "1862"]
[PlyCount "48"]

1. e4 d6 2. d4 g6 3. c4 Bg7 4. Nc3 Nf6 5. Be2 O-O 6. Be3 Nbd7 7. h3 c5 8. Nf3
cxd4 9. Nxd4 Nc5 10. Qc2 b6 11. b4 Ne6 12. Rd1 Nxd4 13. Bxd4 Bb7 14. O-O a6 15.
Nd5 Nxd5 16. exd5 Bxd4 17. Rxd4 Bc8 18. Re1 a5 19. c5 Bf5 20. Qd2 axb4 21. cxb6
Qxb6 22. Rxb4 Rxa2 23. Qxa2 Qxb4 24. Bf3 Qxe1+ 0-1

[Event "Tournoi francophone 002 Groupe A"]
[Site "Skype"]
[Date "????.??.??"]
[Round "9.1"]
[White "Plourde, Alain"]
[Black "Lambert, Pierre"]
[Result "1-0"]
[WhiteElo "1862"]
[BlackElo "1857"]
[PlyCount "57"]

1. d4 Nf6 2. c4 e6 3. Nf3 d5 4. Nc3 c6 5. Bg5 Nbd7 6. e3 Be7 7. Bd3 O-O 8. O-O
Re8 9. Qc2 dxc4 10. Bxc4 Nd5 11. Bxe7 Qxe7 12. e4 Nf4 13. g3 Nh3+ 14. Kg2 Ng5
15. Nxg5 Qxg5 16. f4 Qe7 17. e5 b6 18. Ne4 Nf8 19. Nd6 Bb7 20. Nxe8 Qxe8 21.
Kg1 c5 22. Be2 cxd4 23. Bf3 Rc8 24. Qd3 Bxf3 25. Rxf3 Qa4 26. Rf2 Nd7 27. Rd1
Nc5 28. Qxd4 Qxa2 29. Qd8+ 1-0

[Event "Tournoi francophone 002 Groupe A"]
[Site "Skype"]
[Date "????.??.??"]
[Round "9.2"]
[White "Ayotte, Jocelyn"]
[Black "Bourdeau, Yvan"]
[Result "1-0"]
[WhiteElo "2117"]
[BlackElo "1702"]
[PlyCount "49"]

1. d4 Nf6 2. c4 e6 3. Nc3 Bb4 4. Qc2 d5 5. a3 Be7 6. Nf3 O-O 7. g3 c6 8. Bg2
Nbd7 9. O-O Re8 10. e4 dxe4 11. Ng5 h6 12. Ngxe4 e5 13. Nxf6+ Bxf6 14. d5 cxd5
15. Nxd5 Nb6 16. Be3 Nxd5 17. Bxd5 Re7 18. Rfd1 Qe8 19. Bc5 Rd7 20. Re1 Rxd5
21. cxd5 b6 22. Bb4 Bb7 23. Rad1 Rc8 24. Qf5 a5 25. Bc3 1-0

[Event "Tournoi francophone 002 Groupe A"]
[Site "Skype"]
[Date "????.??.??"]
[Round "9.3"]
[White "Deville, Olivier"]
[Black "Brun, Jacques"]
[Result "1-0"]
[WhiteElo "1890"]
[BlackElo "1803"]
[PlyCount "93"]

1. c4 g6 2. Nc3 Bg7 3. d4 c5 4. Nf3 cxd4 5. Nxd4 Nc6 6. Nc2 Nf6 7. e4 d6 8. Be2
O-O 9. O-O Be6 10. Ne3 Qd7 11. Ned5 Rac8 12. Nxf6+ Bxf6 13. Bh6 Bg7 14. Bxg7
Kxg7 15. Nd5 Ne5 16. Rc1 f6 17. Qd4 b6 18. f4 Nc6 19. Qf2 Bg8 20. Qh4 e6 21.
Ne3 Ne7 22. Ng4 h5 23. Ne3 Bf7 24. f5 g5 25. Qh3 Rh8 26. fxe6 Bxe6 27. Qf3 Rcf8
28. Nf5+ Nxf5 29. exf5 Bf7 30. Qd3 Rc8 31. b3 Rhd8 32. Bf3 Rc5 33. Bd5 Bxd5 34.
cxd5 Rdc8 35. Rxc5 Rxc5 36. b4 Qb5 37. Qe4 Rc7 38. Re1 a5 39. bxa5 bxa5 40. h4
g4 41. Rb1 Qc5+ 42. Kf1 Qa7 43. Qe8 Re7 44. Qg6+ Kf8 45. Qxf6+ Rf7 46. Qh8+ Ke7
47. Re1+ 1-0

[Event "Tournoi francophone 002 Groupe A"]
[Site "Skype"]
[Date "????.??.??"]
[Round "9.4"]
[White "Hervais, Adrien"]
[Black "Janssen, Gerard"]
[Result "1-0"]
[WhiteElo "1995"]
[BlackElo "1721"]
[PlyCount "79"]

1. d4 d5 2. Nc3 e6 3. e4 dxe4 4. Nxe4 Be7 5. Nf3 Nf6 6. Bd3 O-O 7. Ne5 b6 8.
Nxf6+ Bxf6 9. Be4 c6 10. Nxc6 Nxc6 11. Bxc6 Rb8 12. Bf4 Ba6 13. Bxb8 Qxb8 14.
Bf3 Qf4 15. c3 Bc4 16. Be2 Qe4 17. f3 Qc6 18. O-O a5 19. Bxc4 Qxc4 20. Qe1 a4
21. Qe3 b5 22. b3 axb3 23. axb3 Qxb3 24. Rfb1 Qc4 25. Ra5 h6 26. Rb4 Qc7 27.
Rbxb5 Bg5 28. Qd3 Qf4 29. Rb1 g6 30. g3 Qc7 31. Rab5 Rc8 32. Rc5 Qd7 33. Rxc8+
Qxc8 34. c4 Kg7 35. c5 Qc6 36. Qe4 Qa4 37. c6 Bf6 38. c7 Bxd4+ 39. Kh1 Qd7 40.
Qb7 1-0